SC Freiburg Squad 2023-2024 - Statistics

General Stats
  • This quiz has been taken 71 times
    47 since last reset
  • The average score is 23 of 28
Answer Stats
# Position Nation Player % Correct
30 DF Germany Christian Günter
100%
9 FW Germany Lucas Höler
100%
32 FW Italy Vincenzo Grifo
100%
28 DF Germany Matthias Ginter
97%
27 MF Germany Nicolas Höfler
97%
1 GK Germany Noah Atubolu
97%
22 FW Hungary Roland Sallai
97%
38 FW Austria Michael Gregoritsch
95%
3 DF Austria Philipp Lienhart
95%
42 FW Japan Ritsu Dōan
92%
21 GK Germany Florian Müller
89%
8 MF Germany Maximilian Eggestein
89%
41 DF Hungary Attila Szalai
86%
- Coach Germany Christian Streich
86%
25 DF France Kiliann Sildillia
84%
17 DF Germany Lukas Kübler
81%
5 DF Germany Manuel Gulde
81%
34 MF Germany Merlin Röhl
76%
20 FW Austria Junior Adamu
73%
7 FW Germany Noah Weißhaupt
73%
23 FW Kosovo Florent Muslija
70%
14 MF Germany Yannik Keitel
70%
11 MF Ghana Daniel-Kofi Kyereh
68%
31 GK Germany Benjamin Uphoff
62%
4 DF Germany Kenneth Schmidt
59%
26 FW Germany Maximilian Philipp
57%
33 DF France Jordy Makengo
54%
37 DF Germany Max Rosenfelder
27%
No matching quizzes found
Score Distribution
Percent of People with Each Score
Percentile by Number Answered
Your Score History
You have not taken this quiz since the last reset